|
|
|
|
| LEADER |
01049naa a2200217 i 4500 |
| 001 |
acta66603 |
| 005 |
20221221114947.0 |
| 008 |
200428s2019 hu o 1|| hun d |
| 020 |
|
|
|a 978-963-306-710-9
|
| 040 |
|
|
|a SZTE Egyetemi Kiadványok Repozitórium
|b hun
|
| 041 |
|
|
|a hun
|
| 100 |
1 |
|
|a Szabó Andrea
|
| 245 |
1 |
0 |
|a Politikai szocializációs életutak Magyarországon
|h [elektronikus dokumentum] /
|c Szabó Andrea
|
| 260 |
|
|
|a Szegedi Tudományegyetem Állam- és Jogtudományi Kar Politológiai Tanszék
|b Szeged
|c 2019
|
| 300 |
|
|
|a 238
|
| 490 |
0 |
|
|a 1989 és a rendszerváltás: a társadalmi cselekvés lehetőségei : absztraktkötet
|
| 650 |
|
4 |
|a Társadalomtudományok
|
| 650 |
|
4 |
|a Szociológia
|
| 695 |
|
|
|a Ifjúságszociológia - Magyarország - 21. sz. - előadáskivonat
|
| 711 |
|
|
|a 1989 és a rendszerváltás:a társadalmi cselekvés lehetőségei : Interdiszciplináris jelenkor-történeti és politológiai konferencia
|c Szeged
|d 2019
|
| 856 |
4 |
0 |
|u http://acta.bibl.u-szeged.hu/66603/1/1989_es_a_rendszervaltas_238.pdf
|z Dokumentum-elérés
|